000 00385nam a2200145Ia 4500
008 240729s9999 xx 000 0 und d
022 _a2468-4368
245 0 _aEuropean Journal of STEM Education
260 _aNetherlands
260 _bLectito Journals
650 _aEducation
856 _uhttps://doaj.org/toc/bcd65811eb324056806ca5495454c0d7
942 _2ddc
942 _cDOAJEJ
999 _c70028
_d70028
945 _a1
_bMadushi Gamage
_c1
_dMadushi Gamage